LEADER 00989nam0 2200265 450 001 000016344 005 20080922144300.0 100 $a20080922d2000----km-y0itay50------ba 101 0 $aita 102 $aIT 105 $ay-------001yy 200 1 $aArrivavano dal mare$ele operazioni anfibie di Roma antica a confronto con quelle odierne degli Stati Uniti$fValentine J. Belfiglio$gtrad. di Francesco Pascazio 210 $aRoma$cRivista marittima$d2000 215 $a96 p.$cill.$d24 cm 225 2 $a<<[>>Supplemento alla Rivista marittima<<]>> 410 0$12001$a<<[>>Supplemento alla Rivista marittima<<]>> 610 1 $aRoma antica$aStoria navale$a204 a.C.-43 d.C. 676 $a937$v20$9Storia antica. Roma 700 1$aBelfiglio,$bValentine J.$4070$09915 702 1$aPascazio,$bFrancesco 801 0$aIT$bUNIPARTHENOPE$c20080922$gRICA$2UNIMARC 912 $a000016344 951 $aRIMAS 623/4-2000$bs.i.$cPIST$d2008 996 $aArrivavano dal mare$9121649 997 $aUNIPARTHENOPE LEADER 01171nam 2200349 450 001 9910332527303321 005 20230808204316.0 010 $a1-5090-2210-4 035 $a(CKB)4100000008867444 035 $a(WaSeSS)IndRDA00120327 035 $a(EXLCZ)994100000008867444 100 $a20200316d2016 uy 0 101 0 $aeng 135 $aur||||||||||| 181 $ctxt$2rdacontent 182 $cc$2rdamedia 183 $acr$2rdacarrier 200 10$a2016 IEEE International Conference on Serious Games and Applications for Health $eMay 11-13, Orlando, FL, USA /$fInstitute of Electrical and Electronics Engineers 210 1$aPiscataway, New Jersey :$cInstitute of Electrical and Electronics Engineers,$d2016. 215 $a1 online resource (225 pages) 311 $a1-5090-2211-2 606 $aGames$vCongresses 606 $aEducational games$vCongresses 615 0$aGames 615 0$aEducational games 676 $a794 801 0$bWaSeSS 801 1$bWaSeSS 906 $aPROCEEDING 912 $a9910332527303321 996 $a2016 IEEE International Conference on Serious Games and Applications for Health$92530985 997 $aUNINA